Félix Faure et sa présidence - Statistiques

Statistiques générales
  • Ce quiz a été pris 61 fois
  • Le résultat moyen est 10 sur 20
Statistiques - réponses
Groupe Indices Réponses % Correct
Présidence Cet écrivain lui adresse son célèbre J'accuse... Emile Zola
96%
Présidence ...pour rendre Justice à ce capitaine Alfred Dreyfus
94%
Présidence Expansion coloniale par la conquête de cette île du Sud-Est de l'Afrique Madagascar
81%
Biographie Avec lui, il est le seul Président français mort naturellement en fonction Georges Pompidou
75%
Biographie Selon Clemenceau, au vu des raisons de son décès, à défaut d'être César, il ne serait que... Pompée
75%
Présidence Groupe politique lors de son élection Républicains modérés
74%
Présidence Il met fin à son mandat AVC/Epectase
72%
Présidence Surnom donné en raison de son goût pour le faste, à l'instar de Louis XIV Président {Soleil}
68%
Biographie Maladie infectieuse qui emporta sa mère alors qu'il n'était âgé que de onze ans Tuberculose
51%
Bibliographie Projet de lutte contre le morcellement d'un département alors appelé Seine-Inférieure Création du département de la {Seine}-{Maritime}
49%
Biographie Composante de l'armée pour laquelle il occupa plusieurs postes de direction Marine
49%
Biographie Département dont il fut député pendant près de quinze ans Seine-Inférieure/Maritime
47%
Citations Les ministres peuvent disparaître, {le} {président} reste.
43%
Présidence Crise diplomatique opposant la France au Royaume-Uni à l'issue de laquelle les Français renoncent à la vallée du Nil Crise de {Fachoda}
30%
Bibliographie Journal tenu tout au long de sa présidence, publié à titre posthume Journal à l'{Elysée}
19%
Biographie Profession de formation Tanneur/Juge
17%
Citations Je représente la {Nation} {française}.
9%
Famille Maîtresse Marguerite "Meg" Steinheil
9%
Présidence Adversaire lors de l'élection, en étant à sa quatrième tentative, devenant plus tard son Président du Conseil Henri Brisson
8%
Famille Epouse Berthe Belluot
4%
Aucun quiz correspondant
Distribution des résultats
% des personnes avec chaque résultat
Percentile par nombre de réponses
Votre historique - résultats
Vous n’avez pas pris ce quiz